000 00322nam a2200133Ia 4500
008 240624s9999 xx 000 0 und d
041 _aeng
082 _a332.6 ICF
100 _aICFAI
245 _aPORTFOLIO MAGAMENT TEXTBOOK
260 _c2004
_aHyderabad
_bICFAI press
300 _a652 : p. : cm. ; 27
365 _cRS
_b30
999 _c9411
_d9411